| 000 | 00932nam a2200229Ia 4500 | ||
|---|---|---|---|
| 001 | L262-31828 | ||
| 003 | IT-CnALBA | ||
| 008 | 170116s9999||||xx |||||||||||||| ||und|| | ||
| 040 |
_aIT-CnALBA _cIT-CnALBA |
||
| 041 | _aITALIANO | ||
| 100 | _aZOFFOLI P. ENRICO, CP. | ||
| 245 | 0 | _aEBRAISMO A CONFRONTO COL CRISTIANESIMO. | |
| 250 | _a1a ed. | ||
| 260 |
_a UDINE _bSEGNO, EDIZIONI _c1995 [1° Ed.:1995 - Ed.Ling.Originale: 1955] |
||
| 300 | _a220 p. | ||
| 500 | _aEBREI FRATELLI MAGGIORI. ANCHE PERFIDI. SCHIAVITÙ D'EGITTO E LIBERAZIONE. ESILIO A BABILINIA. DISSIDIO ETERNO. CONCLUSIONI. | ||
| 501 | _aSocietà San Paolo EM - Piazza San Paolo, 14 - 12051 ALBA (CN) (non commercial uses only) ® Copyright 2017 | ||
| 520 | _aEBREI FRATELLI MAGGIORI. ANCHE PERFIDI. SCHIAVITÙ D'EGITTO E LIBERAZIONE. ESILIO A BABILINIA. DISSIDIO ETERNO. CONCLUSIONI. | ||
| 650 | _aECCLESIOLOGIA | ||
| 942 | _cBK | ||
| 957 | _71 | ||
| 999 |
_a36596 _bNO _g Copie: 1 _c290660 _d290660 |
||